书目信息 |
| 题名: |
地基基础设计标准条文说明 DGJ 08-11-2018 J 11595-2018
|
|
| 作者: | ;高承勇 , 黄绍铭 起草 ;华东建筑设计研究院公司 主编 | |
| 分册: | ||
| 出版信息: | 上海 同济大学出版社 2019.03 |
|
| 页数: | 366页 | |
| 开本: | 20cm | |
| 丛书名: | 上海市工程建设规范 | |
| 单 册: | ||
| 中图分类: | TU47-65 | |
| 科图分类: | ||
| 主题词: | 地基--di ji--基础(工程)--建筑设计--设计标准--上海市 | |
| 电子资源: | ||
| ISBN: | 978-7-5608-7987-1 | |
| 000 | 01817nam 2200361 450 | |
| 001 | 012019001711 | |
| 005 | 20240227113054.36 | |
| 010 | @a978-7-5608-7987-1@dCNY99.00 | |
| 094 | @aCN@bDGJ 08-11-2018 J 11595-2018 | |
| 100 | @a20190404d2019 em y0chiy50 ea | |
| 101 | 0 | @achi |
| 102 | @aCN@b310000 | |
| 105 | @aak al 000yy | |
| 106 | @ar | |
| 200 | 1 | @a地基基础设计标准条文说明 DGJ 08-11-2018 J 11595-2018@Adi ji ji chu she ji biao zhun tiao wen shuo ming DGJ 08-11-2018 J 11595-2018@d= Foundation design code@f主编单位华东建筑设计研究院有限公司@Fzhu bian dan wei hua dong jian zhu she ji yan jiu yuan you xian gong si@zeng |
| 205 | @a2018年修订版 | |
| 210 | @a上海@c同济大学出版社@d2019.03 | |
| 215 | @a366页@c图 (部分彩图)@d20cm | |
| 225 | 2 | @a上海市工程建设规范@Ashang hai shi gong cheng jian she gui fan |
| 300 | @a本套书共2册,总价198元 | |
| 300 | @a批准部门: 上海市住房和城乡建设管理委员会 施行日期: 2019年8月1日 | |
| 314 | @a本标准主要起草人: 高承勇, 黄绍铭, 王卫东, 刘陕南, 王向军等 | |
| 320 | @a有书目 | |
| 330 | @a本标准的主要内容有: 总则; 术语、符号; 基本设计规定; 工程勘察要点; 天然地基计算; 浅基础设计计算; 桩基础设计计算; 地基基础抗震设计要点; 动力基础与精密设备基础防微振设计要点; 市政工程地基基础设计计算; 港口工程地基基础设计计算; 地下工程设计要点; 地基处理设计要点; 减少和适应地基变形与防治工程施工对环境影响的措施; 工程施工要点。 | |
| 410 | 0 | @12001 @a上海市工程建设规范 |
| 510 | 1 | @aFoundation design code@zeng |
| 606 | 0 | @a地基@Adi ji@x基础(工程)@x建筑设计@x设计标准@y上海市 |
| 690 | @aTU47-65@v5 | |
| 702 | 0 | @a高承勇@Agao cheng yong@4起草 |
| 702 | 0 | @a黄绍铭@Ahuang shao ming@4起草 |
| 711 | 02 | @a华东建筑设计研究院公司@Ahua dong jian zhu she ji yan jiu yuan gong si@4主编 |
| 801 | 0 | @aCN@c20190905 |
| 905 | @a河南城建学院图书馆@b21420276@dTU47-65@eH667@f1 | |
| 地基基础设计标准条文说明 DGJ 08-11-2018 J 11595-2018= Foundation design code/主编单位华东建筑设计研究院有限公司.-2018年修订版.-上海:同济大学出版社,2019.03 |
| 366页:图 (部分彩图);20cm.-(上海市工程建设规范) |
| 本套书共2册,总价198元.-批准部门: 上海市住房和城乡建设管理委员会 施行日期: 2019年8月1日 |
| ISBN 978-7-5608-7987-1:CNY99.00 |
| 本标准的主要内容有: 总则; 术语、符号; 基本设计规定; 工程勘察要点; 天然地基计算; 浅基础设计计算; 桩基础设计计算; 地基基础抗震设计要点; 动力基础与精密设备基础防微振设计要点; 市政工程地基基础设计计算; 港口工程地基基础设计计算; 地下工程设计要点; 地基处理设计要点; 减少和适应地基变形与防治工程施工对环境影响的措施; 工程施工要点。 |
| ● |
| 相关链接 |
|
|
|
正题名:地基基础设计标准条文说明 DGJ 08-11-2018
索取号:TU47-65/H667
 
预约/预借
| 序号 | 登录号 | 条形码 | 馆藏地/架位号 | 状态 | 备注 |
| 1 | 1420276 | 214202762 | 建筑库101/101建筑库 97排3列2层/ [索取号:TU47-65/H667] | 在馆 |